| 000 | 01651cam a22004098i 4500 | ||
|---|---|---|---|
| 001 | 20628044 | ||
| 005 | 20220720101141.0 | ||
| 008 | 180813t20182019mau b 001 0 eng | ||
| 010 | _a 2018037204 | ||
| 020 | _a9781786393432 (Paperback : alk. paper) | ||
| 020 | _z9781786393449 (ePub) | ||
| 020 | _z9781786393456 (ePDF) | ||
| 040 |
_aDLC _beng _erda _cDLC |
||
| 042 | _apcc | ||
| 050 | 0 | 0 |
_aG155.A1 _bS485 2018 |
| 082 | 0 | 0 |
_a910.285 _bBEN |
| 100 | 1 |
_aBenckendorff, Pierre, _eauthor. _993968 |
|
| 245 | 1 | 0 |
_aTourism information technology / _cPierre J. Benckendorff, The University of Queensland, Australia, Zheng Xiang, Virginia Tech, USA, Pauline J. Sheldon, University of Hawaii, USA. |
| 250 | _aThird Edition. | ||
| 263 | _a1812 | ||
| 264 | 1 |
_aOxfordshir, U.K: _bCABI, _c[2019] |
|
| 264 | 4 | _c© Pierre J. Benckendorff, Zheng Xiang and Pauline J. Sheldon 2019. | |
| 300 | _apages cm | ||
| 336 |
_atext _btxt _2rdacontent |
||
| 337 |
_aunmediated _bn _2rdamedia |
||
| 338 |
_avolume _bnc _2rdacarrier |
||
| 490 | 0 | _aCABI Tourism Texts | |
| 504 | _aIncludes bibliographical references and index. | ||
| 650 | 0 |
_aTourism _xInformation technology. _993969 |
|
| 650 | 0 |
_aTourism _xInformation services. _993970 |
|
| 700 | 1 |
_aXiang, Zheng, _eauthor. _993971 |
|
| 700 | 1 |
_aSheldon, Pauline J., _eauthor. _993972 |
|
| 776 | 0 | 8 |
_iOnline version: _aBenckendorff, Pierre, author. _tTourism information technology _bThird Edition. _dBoston, Massachusetts : CABI, [2019] _z9781786393456 _w(DLC) 2018039294 |
| 906 |
_a7 _bcbc _corignew _d1 _eecip _f20 _gy-gencatlg |
||
| 942 |
_2ddc _cBK |
||
| 999 |
_c590376 _d590376 |
||